00239nam a2200097Ia 4500008004100000100002400041245003000065260002200095942000700117999001700124190216s9999||||xx |||||||||||||| ||und|| aKrishan Warrier N V 0aSangyathmaka Vishleshanam bKerala Basha Inst cBK c38573d38573